| 000 | 01132nam a2200217 a 4500 | ||
|---|---|---|---|
| 001 | 57954 | ||
| 005 | 20180714054346.0 | ||
| 008 | 140415s1991 mx 000 0 spa d | ||
| 020 | _a9681636368 | ||
| 041 | _aspa | ||
| 082 |
_a809.3 _bKLA |
||
| 245 | 0 | 4 | _aLOS NOVELISTAS COMO CRITICOS |
| 250 | _a1a ed. | ||
| 260 |
_aMEXICO : _bFONDO DE CULTURA ECONOMICA, _c1991 |
||
| 300 |
_a271 _c15.7 x 3.3 x 23 |
||
| 490 | _aCRITICA/ARQUEOLOGIA | ||
| 500 | _aKLAHN, NORMA Y CORRAL, WILFRIDO H. ., SON COMPILADORES | ||
| 520 | _aEL ARTE DE LA NOVELA, EN SU CARACTER REPOSADO, COMPLEJO Y HETEROCLITO, CONTIENE LA CIRTUD DE GENERAR SU PROPIA AUTOCRITICA. ESTA ESCRITURA TAN EMPIRICA, PLANTEADA EN EL CORAZON DE LAS CIRCUNSTANCIAS, SABE APORTAR DE SI ANECDOTAS, PROCEDIMIENTOS, NOCIONES PRAGMATICOS. EL RELATO SE DOBLA EN UN RELATO DE SI MISMO, EL NOVELISTA SE VUELVE EL BIOGRAFO DEL AMANUENSE. LOS NOVELISTAS COMO CRITICOS, ES UNA AMPLIA MUESTRA DE TEXTOS EN LOS QUE LOS NARRADORES HABLAN DE SU OFICIO, OPINAN SOBRE LA OB | ||
| 650 | 1 | 4 | _aNOVELISTAS HISPANOAMERICANOS |
| 700 | 1 |
_aKLAHN, NORMA -CORRAL, WILFRIDO H. _ecoaut. |
|
| 999 |
_c57954 _d57954 |
||